[Event "QA-ANNIV-04"]
[Site "http://www.queenalice.com/game.php?id=644213"]
[Date "2009.8.29"]
[Round "6"]
[White "Pinone"]
[Black "HelderNanques"]
[Result "1-0"]
[WhiteElo "2447"]
[BlackElo "2020"]

1. d4 f5 2. Bg5 Nf6 3. Bxf6 exf6 4. e3 Be7 5. Bd3 d5 6. Qf3 Qd7 7. Ne2 O-O 8.
Ng3 g6 9. h4 c5 10. h5 c4 11. hxg6 hxg6 12. Bxf5 gxf5 13. Rh6 Kf7 14. Qh5+ Ke6
15. Nxf5 Qb5 16. Rh7 Nc6 17. Qg4 Qa5+ 18. c3 Qd8 19. Nxe7+ Kd6 20. Qf4+ Ke6 21.
Qf5+ Kd6 22. Qxd5+ Kc7 23. Nxc6+ 1-0

[Event "QA-ANNIV-05"]
[Site "http://www.queenalice.com/game.php?id=654500"]
[Date "2009.9.18"]
[Round "2"]
[White "Pinone"]
[Black "REDWOLF"]
[Result "1-0"]
[WhiteElo "2448"]
[BlackElo "1623"]

1. d4 d5 2. c4 Nf6 3. cxd5 Qxd5 4. Nc3 Qd7 5. Nf3 e6 6. e4 Bb4 7. Ne5 Qe7 8. a3
Bxc3+ 9. bxc3 Nxe4 10. Qf3 Nf6 11. Bd3 O-O 12. Bg5 h6 13. Bh4 Nc6 14. Ng4 e5 15.
Bxf6 Bxg4 16. Qe4 exd4 17. Bxe7 g6 18. Bxf8 Bf5 19. Qh4 Re8+ 20. Kd2 1-0

[Event "Chuzete"]
[Site "http://www.queenalice.com/game.php?id=694932"]
[Date "2009.12.8"]
[Round "2"]
[White "Pinone"]
[Black "arauca"]
[Result "1-0"]
[WhiteElo "2451"]
[BlackElo "2148"]

1. d4 e6 2. c4 d5 3. cxd5 exd5 4. Nc3 c6 5. Qc2 Bd6 6. Nf3 Ne7 7. e4 dxe4 8.
Nxe4 Bb4+ 9. Bd2 Bxd2+ 10. Nexd2 Bf5 11. Bd3 Bxd3 12. Qxd3 Na6 13. O-O O-O 14.
Ne4 Nb4 15. Qb3 a5 16. Rfe1 Ng6 17. a3 Qd5 18. Re3 Na6 19. Qxd5 cxd5 20. Nd6
Rab8 21. Rc1 Rfd8 22. Nf5 Kf8 23. h4 h5 24. g3 Re8 25. Rb3 b5 26. Nd6 Re6 27.
Rc6 Nc7 28. Rxc7 Rxd6 29. Rc5 Ne7 30. Rbxb5 1-0

[Event "AUTO-ELITE-470"]
[Site "http://www.queenalice.com/game.php?id=708378"]
[Date "2010.1.4"]
[Round "1"]
[White "Pinone"]
[Black "Nobre"]
[Result "1/2-1/2"]
[WhiteElo "2454"]
[BlackElo "2478"]

1. d4 Nf6 2. Bg5 e6 3. e4 h6 4. Bxf6 Qxf6 5. Nc3 d6 6. Qd2 g5 7. h4 Bd7 8. O-O-O
Nc6 9. hxg5 hxg5 10. Rxh8 Qxh8 11. Kb1 O-O-O 12. d5 Ne5 13. Qxg5 Bh6 14. Qh4 Rg8
15. g3 Ng4 16. Nh3 Bg7 17. Qxh8 Rxh8 18. Bg2 Rxh3 19. Bxh3 Nxf2 20. Rf1 Nxh3 21.
Rxf7 Bxc3 22. Rf8+ Be8 23. Rxe8+ Kd7 24. Rxe6 Be5 25. Rh6 Nf2 26. Rh7+ Kd8 27.
Rf7 Nxe4 28. Rf8+ Ke7 29. Rb8 b6 30. Rb7 Kd7 31. Rxa7 Kc8 1/2-1/2

[Event "AUTO-ELITE-470"]
[Site "http://www.queenalice.com/game.php?id=708379"]
[Date "2010.1.4"]
[Round "1"]
[White "Nobre"]
[Black "Pinone"]
[Result "1/2-1/2"]
[WhiteElo "2477"]
[BlackElo "2464"]

1. d4 d5 2. c4 e6 3. Nc3 Nf6 4. Bg5 Nbd7 5. cxd5 exd5 6. e3 Be7 7. Qc2 O-O 8.
Bd3 c6 9. Nge2 Re8 10. O-O Nf8 11. f3 N6d7 12. Bf4 Nb6 13. e4 Ng6 14. Be3 Be6
15. Rad1 Rc8 16. b3 Bb4 17. Rf2 Qh4 18. Qc1 h6 19. e5 c5 20. dxc5 Bxc5 21. Bxc5
Rxc5 22. Qa3 Rec8 23. Qxa7 Nd7 24. Bxg6 fxg6 25. Na4 Rc2 26. Nb6 Re8 27. g3 Qd8
28. Nxd7 Qxd7 29. Nd4 Rxf2 30. Kxf2 Qc7 31. Re1 Bh3 32. e6 Kh7 33. Qa4 Qc3 34.
Ne2 Qc8 35. Qb4 Rxe6 36. Rd1 Qc2 37. Qd2 Qc5+ 38. Nd4 Rf6 39. a4 g5 40. b4 Qf8
41. a5 Bg4 42. Qd3+ Kh8 43. Kg1 Bh5 44. b5 g4 45. f4 Bg6 46. Qc3 Be4 47. Ra1 Rf7
48. Nb3 Qe8 49. a6 bxa6 50. bxa6 Qb8 51. Nc5 Qb6 52. Qa5 Qa7 53. Kf1 1/2-1/2

[Event "QA-ANNIV-05"]
[Site "http://www.queenalice.com/game.php?id=723867"]
[Date "2010.2.1"]
[Round "3"]
[White "jlpbarreto"]
[Black "Pinone"]
[Result "0-1"]
[WhiteElo "1865"]
[BlackElo "2453"]

1. d4 d5 2. c4 e6 3. Nf3 Nf6 4. Nc3 Nbd7 5. Bg5 c6 6. e3 Qa5 7. Qc2 Ne4 8. Bd3
Nxg5 9. Nxg5 dxc4 10. Bxc4 Qxg5 11. O-O-O Nb6 0-1

[Event "QA-ANNIV-05"]
[Site "http://www.queenalice.com/game.php?id=793789"]
[Date "2010.6.23"]
[Round "5"]
[White "Pinone"]
[Black "Lorfman"]
[Result "0-1"]
[WhiteElo "2462"]
[BlackElo "2773"]

1. d4 Nf6 2. Bg5 e6 3. e4 h6 4. Bxf6 Qxf6 5. Nc3 Bb4 6. Qd2 d6 7. O-O-O O-O 8.
Nf3 Nd7 9. Qe3 Bxc3 10. Qxc3 Qf4+ 11. Kb1 Qxe4 12. Qxc7 Qc6 13. Qxc6 bxc6 14.
Be2 a5 15. Rhe1 Ba6 16. Bxa6 Rxa6 17. Rd3 a4 18. Ree3 Ra5 19. Ra3 Nb6 20. Nd2 c5
21. dxc5 Rxc5 22. Rac3 Rg5 23. Rg3 Nd5 24. Rc4 Re5 25. a3 Re1+ 26. Ka2 Re2 27.
Rd3 Rxf2 28. g3 Ra8 29. Rc6 Rxh2 30. Rxd6 Kf8 31. c4 Ke7 32. Rc6 Nf6 33. Rc7+
Ke8 34. Nf3 Rg2 35. Nd4 Rd8 36. Re7+ Kxe7 37. Nc6+ Kf8 38. Rxd8+ Ne8 39. Ra8
Rxg3 40. Rxa4 h5 41. c5 g5 42. Ne5 Re3 0-1

[Event "QA-ANNIV-04"]
[Site "http://www.queenalice.com/game.php?id=808056"]
[Date "2010.7.24"]
[Round "9"]
[White "Pinone"]
[Black "BRASILOV"]
[Result "0-1"]
[WhiteElo "2460"]
[BlackElo "2474"]

1. d4 Nf6 2. Bg5 e6 3. e4 h6 4. Bxf6 Qxf6 5. Nc3 Bb4 6. Qd2 c5 7. e5 Qf5 8. a3
cxd4 9. axb4 dxc3 10. Qxc3 Nc6 11. Nf3 Qe4+ 12. Be2 Qxb4 13. Qxb4 Nxb4 14. O-O-O
Nc6 15. Rd6 Ke7 16. Rhd1 a6 17. Bd3 Rf8 18. Be4 Rb8 19. R1d2 a5 20. c3 a4 21.
Bxc6 bxc6 22. R6d4 Ra8 23. Kb1 c5 24. Rd6 Rd8 25. Ne1 Bb7 26. f4 Be4+ 27. Ka2
Bd5+ 28. R2xd5 exd5 29. Nc2 f6 30. Ne3 fxe5 31. fxe5 d4 32. Nf5+ Kf7 33. cxd4
Re8 34. Rb6 Kf8 35. Rd6 cxd4 36. Nh4 Rac8 37. Rxd4 g5 38. Nf5 Rc2 39. Rxd7 Rxg2
40. h4 Rf2 41. Nxh6 gxh4 42. Rd4 h3 43. Ng4 Re2 44. Rxa4 Rb8 45. Ka3 Rexb2 46.
Rf4+ Ke7 47. Nf6 R2b3+ 48. Ka2 R3b5 0-1

[Event "QA-ANNIV-05"]
[Site "http://www.queenalice.com/game.php?id=841347"]
[Date "2010.10.3"]
[Round "6"]
[White "Pinone"]
[Black "Heike67"]
[Result "1/2-1/2"]
[WhiteElo "2452"]
[BlackElo "2391"]

1. d4 d5 2. c4 c6 3. cxd5 cxd5 4. Nf3 Nf6 5. Nc3 Nc6 6. Bf4 a6 7. e3 Bf5 8. Be2
e6 9. O-O Bd6 10. Bxd6 Qxd6 11. Nh4 O-O 12. Rc1 h6 13. Nxf5 exf5 14. g3 Rac8 15.
a3 Na5 16. Na4 b5 17. Nc5 Ne4 18. b3 Rc7 19. Rc2 Rfc8 20. Qb1 Rc6 21. Rfc1 g6
22. Qb2 h5 23. a4 bxa4 24. bxa4 Rb8 25. Qa2 h4 26. Nxe4 fxe4 27. gxh4 Rcb6 28.
Rc8+ Kg7 29. Rxb8 Rxb8 30. Qc2 Nc4 31. Bxc4 Rc8 32. Qd1 dxc4 33. d5 1/2-1/2

[Event "QA-ANNIV-05"]
[Site "http://www.queenalice.com/game.php?id=885924"]
[Date "2011.1.13"]
[Round "7"]
[White "josekasparov"]
[Black "Pinone"]
[Result "1/2-1/2"]
[WhiteElo "2346"]
[BlackElo "2456"]

1. d4 d5 2. c4 e6 3. Nc3 Nf6 4. Nf3 Nbd7 5. Bg5 c6 6. e3 Qa5 7. Bxf6 Nxf6 8. Qc2
Ne4 9. Bd3 Nxc3 10. bxc3 g6 11. h4 Bg7 12. h5 dxc4 13. Bxc4 Bd7 14. Rb1 O-O-O
15. Qb3 b6 16. a4 g5 17. h6 Bf6 18. Rh5 e5 19. Kf1 Bf5 20. Rc1 e4 21. Nd2 Rhe8
22. Bxf7 Re7 23. Rb1 Kc7 24. Kg1 Rf8 25. Bc4 Bg6 26. Rh1 Bxd4 27. cxd4 Qxd2 28.
Rb2 Qa5 29. Kh2 Rf6 30. Qa3 Re8 31. Kg3 Qf5 32. a5 b5 33. a6 Qd7 34. Ba2 Bf7 35.
Bxf7 Qxf7 36. Rd2 Qf8 37. Qxf8 Rexf8 38. Rc1 Kb6 39. Ra2 Rxh6 40. Rc5 Rhf6 41.
Re5 h5 42. Rxg5 Rxf2 43. Ra1 Re2 44. Ra3 Rff2 45. Rxh5 Ra2 46. Rxa2 Rxa2 47. Kf4
Kxa6 48. g4 Rg2 49. g5 b4 50. Kxe4 b3 51. g6 Rxg6 52. Kd3 Rg3 53. d5 Rg2 54.
dxc6 Rc2 55. Rh8 Kb5 56. Rb8+ Ka4 57. Rb7 Rxc6 58. Rxa7+ Kb4 59. Rb7+ Ka3 60. e4
b2 1/2-1/2

[Event "Pinone"]
[Site "http://www.queenalice.com/game.php?id=903620"]
[Date "2011.2.21"]
[Round "1"]
[White "trompmaster"]
[Black "Pinone"]
[Result "0-1"]
[WhiteElo "2122"]
[BlackElo "2455"]

1. d4 d5 2. e3 Bf5 3. c4 Nf6 4. Nf3 Nc6 5. Qb3 e6 6. c5 Rb8 7. Bb5 Nd7 8. Nc3
Be7 9. Bxc6 bxc6 10. Qa4 O-O 11. Qxc6 Bd3 12. Kd2 Bf5 13. b3 Qc8 14. Ba3 h5 15.
h4 Rd8 16. Ng5 a5 17. Qa4 Qa6 18. e4 dxe4 19. Ngxe4 Nf6 20. f3 e5 21. Nxf6+ Bxf6
22. Ne2 Bd7 23. Qc4 Bb5 0-1

[Event "AUTO-ELITE-470"]
[Site "http://www.queenalice.com/game.php?id=905960"]
[Date "2011.2.26"]
[Round "2"]
[White "Mirok"]
[Black "Pinone"]
[Result "1-0"]
[WhiteElo "2482"]
[BlackElo "2441"]

1. d4 d5 2. c4 e6 3. Nc3 Nf6 4. Nf3 Nbd7 5. Bg5 c6 6. cxd5 exd5 7. e3 Be7 8. Qc2
O-O 9. Bd3 Re8 10. O-O Nf8 11. Ne5 N6d7 12. Bxe7 Qxe7 13. Nf3 Nf6 14. Rae1 Ne6
15. Na4 Bd7 16. Ne5 b5 17. Nc3 Rac8 18. Rc1 Nc5 19. Be2 g6 20. Qd1 Nce4 21. Nxe4
Nxe4 22. Bf3 f6 23. Nd3 Ng5 24. h4 Nxf3+ 25. Qxf3 Qe4 26. Qxe4 Rxe4 27. Nc5 Re7
28. Na6 g5 29. hxg5 fxg5 30. Rc3 g4 31. Ra3 h5 32. Nb4 Be8 33. Rc1 g3 34. Nxd5
gxf2+ 35. Kxf2 Rf7+ 36. Kg1 h4 37. Ra6 1-0

[Event "AUTO-ELITE-470"]
[Site "http://www.queenalice.com/game.php?id=905961"]
[Date "2011.2.26"]
[Round "2"]
[White "Pinone"]
[Black "Mirok"]
[Result "0-1"]
[WhiteElo "2448"]
[BlackElo "2475"]

1. d4 Nf6 2. Bg5 Ne4 3. Bf4 d5 4. f3 Nf6 5. c4 c5 6. e4 dxe4 7. d5 e6 8. Nc3 Bd6
9. Bxd6 Qxd6 10. fxe4 exd5 11. Nf3 d4 12. e5 Qe6 13. Nb5 O-O 14. Nc7 Qe7 15.
Nxa8 Nc6 16. Nc7 Nxe5 17. Nxe5 Qxe5+ 18. Be2 Bg4 19. Rc1 Rc8 20. Nd5 Nxd5 21.
cxd5 c4 22. d6 b5 23. O-O Bxe2 24. Re1 d3 25. Qd2 Rd8 26. b3 Rxd6 27. bxc4 Qc5+
28. Kh1 bxc4 29. Rxe2 dxe2 30. Qxe2 g6 31. Rf1 Rd8 32. Qf3 Rd7 33. h3 c3 34. Rc1
c2 35. Qe2 Rc7 36. Qd2 Kg7 37. a3 Qxa3 38. Rxc2 Rxc2 39. Qxc2 Qa1+ 40. Kh2 a5
41. h4 a4 42. h5 a3 43. Qd2 Qe5+ 44. Kg1 gxh5 45. Qa2 Qb2 46. Qd5 h6 0-1

[Event "QA-ANNIV-05"]
[Site "http://www.queenalice.com/game.php?id=921198"]
[Date "2011.4.3"]
[Round "8"]
[White "Pinone"]
[Black "FabianoSales"]
[Result "1-0"]
[WhiteElo "2454"]
[BlackElo "2215"]

1. d4 d5 2. c4 c6 3. cxd5 cxd5 4. Nf3 Bg4 5. Ne5 Nf6 6. Nc3 Be6 7. Qb3 Nc6 8.
Qxb7 Nxd4 9. e3 Nc2+ 10. Kd2 Nxa1 11. Bb5+ Bd7 12. Nxd7 Nxd7 13. Bxd7+ Qxd7 14.
Qxa8+ Qd8 15. Qxd8+ Kxd8 16. Kd3 e6 17. Bd2 Nb3 18. axb3 Bc5 19. Na4 Bb6 20.
Nxb6 axb6 21. Ra1 Kc7 22. Ra7+ Kc6 23. Rxf7 g6 24. Re7 Kd6 25. Bb4+ Ke5 26. Bc3+
Kd6 27. Rxe6+ Kxe6 28. Bxh8 Kd6 29. Kd4 b5 30. b4 Kc6 31. Be5 h6 32. g4 h5 33.
gxh5 gxh5 34. h4 Kb6 35. Kxd5 1-0

[Event "Pinone"]
[Site "http://www.queenalice.com/game.php?id=928698"]
[Date "2011.4.21"]
[Round "2"]
[White "plonius"]
[Black "Pinone"]
[Result "1-0"]
[WhiteElo "2645"]
[BlackElo "2457"]

1. d4 d5 2. c4 e6 3. Nf3 Nf6 4. Nc3 Nbd7 5. e3 Be7 6. b3 O-O 7. Bd3 c5 8. O-O b6
9. cxd5 exd5 10. Bb2 Bb7 11. Rc1 Rc8 12. Qe2 cxd4 13. Nxd4 g6 14. Ba6 Bxa6 15.
Qxa6 Nc5 16. Qe2 Re8 17. Rfd1 Qd7 18. b4 Ne6 19. Qb5 Nxd4 20. Qxd7 Nxd7 21. Rxd4
Nf6 22. a3 a5 23. g3 axb4 24. axb4 Rc4 25. Rxc4 dxc4 26. b5 Ra8 27. Nd1 Ra5 28.
Rxc4 Rxb5 29. Rc8+ Kg7 30. Rc6 Rb3 31. Kf1 Rd3 32. Nc3 Rd2 33. Na4 g5 34. Bd4
Ra2 35. Nxb6 Ra6 36. g4 Bd8 37. f4 Rxb6 38. Bxb6 Bxb6 39. Rxb6 Nxg4 40. fxg5
Nxe3+ 41. Kf2 Nd5 42. Rd6 Nf4 43. h4 Ne6 44. Rd7 Nc5 45. Ra7 h6 46. gxh6+ 1-0

[Event "Alsina"]
[Site "http://www.queenalice.com/game.php?id=948362"]
[Date "2011.6.10"]
[Round "1"]
[White "franliro"]
[Black "Pinone"]
[Result "1-0"]
[WhiteElo "1997"]
[BlackElo "2427"]

1. e4 e6 2. d4 d5 3. exd5 exd5 4. Bd3 Bd6 5. Nf3 Ne7 6. O-O O-O 7. c3 Bf5 8. Be3
c6 9. Qc2 Qd7 10. Nbd2 Bxd3 11. Qxd3 Qf5 12. Qe2 Re8 13. Nh4 Qf6 14. Ndf3 Nf5
15. Nxf5 Qxf5 16. Nh4 Qe4 17. g3 f5 18. Rae1 f4 19. gxf4 Bxf4 20. Ng2 Qg6 21.
Qf3 Bxe3 22. fxe3 Nd7 23. Qh3 Re7 24. Kh1 Rf8 25. Rxf8+ Nxf8 26. Nf4 Qe4+ 27.
Qg2 1-0

[Event "Pinone"]
[Site "http://www.queenalice.com/game.php?id=954666"]
[Date "2011.6.28"]
[Round "3"]
[White "Pinone"]
[Black "kasker"]
[Result "0-1"]
[WhiteElo "2434"]
[BlackElo "2473"]

1. d4 f5 2. e4 fxe4 3. Nc3 Nf6 4. Bg5 Nc6 5. d5 Ne5 6. Qd4 Nf7 7. Bxf6 exf6 8.
O-O-O f5 9. f3 Bd6 10. fxe4 Be5 11. Qd3 d6 12. Nf3 O-O 13. exf5 Bf4+ 14. Kb1 Ne5
15. Nxe5 Bxf5 16. Qc4 Bxe5 17. Bd3 Bxd3 18. Qxd3 Rf2 19. g3 Bxc3 0-1